00342nam a2200121Ia 4500008004100000040001700041041001200058082001400070100001800084245006500102260003600167300001700203230917s9999||||xx |||||||||||||| ||und|| e197121aMAIN aEnglish aB J564J:Q aJoshi, Dinkar 0aQuaid-e-Azam Muhammad Ali Jinnah: The man behind the curtain aNew DelhibPentagon Pressc2012 axxiv, 380 p.